[Event "Cologne Ford op"]
[Site "Cologne"]
[Date "2009.04.27"]
[Round "1"]
[White "Toevs, Roman"]
[Black "Rey, Thorsten"]
[Result "1-0"]
[WhiteElo "1664"]
[BlackElo "966"]
[PlyCount "35"]
[EventDate "2009.04.27"]
[EventType "swiss"]
[EventRounds "7"]
[EventCountry "GER"]
[SourceTitle "EXT 2011"]
[Source "ChessBase"]
[SourceDate "2010.11.26"]
[SourceVersion "1"]
[SourceVersionDate "2010.11.26"]
[SourceQuality "1"]

1. e4 e6 2. d4 d5 3. Nc3 c5 4. Be3 Nd7 5. exd5 cxd4 6. Bxd4 e5 7. Be3 Ngf6 8. d6 a6 9. Qd2 Nb6 10. 0-0-0 Be6 11. Bc5 Nbd5 12. Nxd5 Bxd5 13. Qg5 Be6 14. Qxe5 Nd7 15. Qe3 Qa5 16. Ba3 Rc8 17. Nf3 g6 18. Nd4 1-0